000 00365nam a22001577a 4500
005 20200531151313.0
008 200531b xxu||||| |||| 00| 0 eng d
041 _aeng
082 _a340
100 _aBARE ACT
_95744
245 _aTHE LIMITATION ACT, 1963
260 _aDELHI
_bPROFESSIONAL BOOK PUBLISHERS
300 _a37;p
650 _aLAW
_95701
942 _cBK
999 _c6725
_d6723